01308nac a22003371u 4500999001300000003000900013005001700022008004100039020001500080020001800095040004300113082002100156100004400177245017400221250002000395264005300415264001100468300004600479336002600525337002800551338002700579500002500606650005000631651001000681653002200691655001700713700003700730700004000767942002500807952013800832 c509d509EG-ScBUE20200129143224.0100906t2003 maua f 000 0 eng d a0763719765 a9780763719760 aEG-ScBUEbengerdacEG-ScBUEdEG-ScBUE04a005.133bROB2221 aRobergé, Jim, eauthor.91823112aA laboratory course in C++ data structures /cJames Robergé, Illinois Institute of Technology, Stefan Brandle, Taylor University, David Whittington, Taylor University. aSecond edition. 1aBoston :bJones and Bartlett Publishers,c[2003] 1cc 2003 axvii, 411 pages :billustrations ;c28 cm 2rdacontentatextbtxt 2rdamediaaunmediatedbn 2rdacarrieravolumebnc aIncludes appendices. 7aC++ (Computer program language)2BUEsh918232 2BUEsh bGGENcJanuary2020 vReading book1 aBrandle, Stefan,eauthor.9182331 aWhittington, David,eauthor.918234 cBBk005.133 ROB2ddc 00102ddc40708 aMAINbMAINcLOWd2016-06-06epurchasel6o005.133 ROBp000004111r2025-07-15 00:00:00s2018-05-17w2006-07-16yBB